| 000 | 00540nam a2200181 4500 | ||
|---|---|---|---|
| 005 | 20260513125208.0 | ||
| 010 | _aENG-144432 | ||
| 020 |
_a9789357318167 _c599.00 |
||
| 035 | _aEN-127964 | ||
| 037 | _bDBAD | ||
| 082 | _aN | ||
| 100 |
_aManral, Kiran _980136 |
||
| 245 |
_aThe Moon in the Lining of Her Skin/ _cKiran Manral |
||
| 260 |
_aGurugram _bHachette Books Publishing _c2024 |
||
| 270 |
_a4th and 5th Floor, Corporate Centre, Plot No.-94, Sector 44, _bGurugram _e122003 |
||
| 300 |
_a354p. _c20cm(pb) |
||
| 942 |
_2ddc _cEN _hN _mMAN |
||
| 999 |
_c210678 _d210678 |
||